[Event "18th TCh-CRO b"]
[Site "Sibenik CRO"]
[Date "2009.09.21"]
[Round "1"]
[White "Malenica,M"]
[Black "Brenc,T"]
[Result "1-0"]
[WhiteElo "2223"]
[BlackElo "2101"]

1.d4 f5 2.Nf3 Nf6 3.g3 g6 4.Bg2 Bg7 5.O-O O-O 6.c4 d6 7.Nc3 Qe8 8.d5 a5 9.Be3 Na6
10.Rc1 Bd7 11.h3 h6 12.Nd4 c6 13.b3 Nc5 14.f4 Nfe4 15.Nxe4 Nxe4 16.Kh2 c5
17.Ne6 Bxe6 18.dxe6 Qc8 19.Bxe4 fxe4 20.Qd5 Qc6 21.g4 Qxd5 22.cxd5 b5 23.f5 g5
24.h4 Bf6 25.hxg5 hxg5 26.Kg2 a4 27.Rh1 axb3 28.axb3 Ra2 29.Kf2 Rb2 30.Rh6 Rxb3
31.Rg6+ Bg7 32.Bxg5 Rh3 33.Bxe7 Kh7 34.Kg2 Bb2 35.Kxh3  1-0

[Event "WJun"]
[Site "Puerto Madryn ARG"]
[Date "2009.10.30"]
[Round "9"]
[White "Gomez,Gu"]
[Black "Potapov,P"]
[Result "0-1"]
[WhiteElo "2176"]
[BlackElo "2429"]

1.d4 f5 2.Nf3 Nf6 3.g3 g6 4.Bg2 Bg7 5.O-O O-O 6.c4 d6 7.Nc3 Qe8 8.d5 a5 9.Nd4 Na6
10.Rb1 Bd7 11.b3 Nc5 12.Bb2 c6 13.a3 cxd5 14.cxd5 Qf7 15.b4 axb4 16.axb4 Nce4
17.Ndb5 Bxb5 18.Nxb5 Nxd5 19.Bxg7 Kxg7 20.Bxe4 fxe4 21.Qd4+ Nf6 22.f3 exf3
23.Rxf3 Rac8 24.Qe3 Qc4 25.Rbf1 Qxb5  0-1

[Event "13th OIBM"]
[Site "Bad Wiessee GER"]
[Date "2009.10.31"]
[Round "1"]
[White "Kwossek,G"]
[Black "Meins,G"]
[Result "0-1"]
[WhiteElo "2007"]
[BlackElo "2484"]

1.d4 g6 2.Nf3 f5 3.g3 Bg7 4.Bg2 Nf6 5.O-O O-O 6.c4 d6 7.Nc3 Qe8 8.d5 a5 9.Nd4 Na6
10.b3 Bd7 11.Bb2 g5 12.e3 Qg6 13.Qc2 Nc5 14.Ncb5 Rfc8 15.f3 c6 16.Nc3 a4
17.Rad1 g4 18.b4 a3 19.Ba1 Na4 20.dxc6 bxc6 21.f4 Nxc3 22.Bxc3 Rab8 23.e4 fxe4
24.f5 Qf7 25.Ne6 Bxe6 26.fxe6 Qxe6 27.Bxf6 Bxf6 28.Bxe4 Kh8 29.Qd3 Qf7 30.Bf5 Rg8
31.b5 cxb5 32.cxb5 Qxa2 33.Rf2 Qf7 34.Re1 a2 35.Be6 Qxe6  0-1

[Event "13th OIBM"]
[Site "Bad Wiessee GER"]
[Date "2009.11.02"]
[Round "4"]
[White "Nguyen,Mi"]
[Black "Deglmann,L"]
[Result "1/2-1/2"]
[WhiteElo "2187"]
[BlackElo "2329"]

1.d4 f5 2.g3 Nf6 3.Bg2 g6 4.Nf3 Bg7 5.O-O O-O 6.c4 c6 7.Nc3 Na6 8.b3 Ne4
9.Bb2 Nxc3 10.Bxc3 b5 11.Qd2 bxc4 12.bxc4 Rb8 13.Rab1 Rxb1 14.Rxb1 d6 15.Ne1 c5
16.Ba5 Qd7 17.dxc5 Nxc5 18.Nd3 Ne4 19.Qc2 Bb7 20.c5 dxc5 21.Nxc5 Nxc5 22.Bxb7 Nxb7
23.Qb3+ e6 24.Qxb7 Qxb7 25.Rxb7  1/2-1/2

[Event "TCh-FIN 2009-10"]
[Site "Finland FIN"]
[Date "2009.11.14"]
[Round "4"]
[White "Salo,Ta"]
[Black "Prieur,E"]
[Result "0-1"]
[WhiteElo "2302"]
[BlackElo "1658"]

1.Nf3 f5 2.c4 Nf6 3.g3 g6 4.Bg2 Bg7 5.O-O O-O 6.d4 d6 7.Nc3 Qe8 8.d5 Na6
9.Rb1 c6 10.b4 Bd7 11.dxc6 bxc6 12.a3 c5 13.b5 Nc7 14.a4 Rb8 15.e3 Qf7 16.Qb3 h6
17.Nd2 Be6 18.Ba3 g5 19.Ne2 Ng4 20.Rbc1 Qh5 21.Nf3 Ne8 22.Bb2 Nef6 23.Qd3 Rbd8
24.a5 Ne5 25.Nxe5 dxe5 26.Qc2 e4 27.Bxf6 Bxf6 28.f3 Rd3 29.fxe4 Rxe3 30.Rf2 fxe4
31.Bxe4 Kg7 32.Rcf1 Bg4 33.Nc1 Bd4 34.Kh1 Bf3+ 35.Bxf3 Rexf3 36.Rxf3 Rxf3
37.Qg2 g4 38.Ne2 Qf5 39.Nf4 Qe4 40.Rxf3 gxf3 41.Qf1 e5 42.Nh5+ Kg6 43.h3 Kxh5  0-1

[Event "TCh-NED 2009-10"]
[Site "Netherlands NED"]
[Date "2009.11.21"]
[Round "3"]
[White "Ernst,S"]
[Black "Klip,H"]
[Result "0-1"]
[WhiteElo "2589"]
[BlackElo "2350"]

1.d4 f5 2.g3 Nf6 3.Bg2 g6 4.c4 Bg7 5.Nf3 O-O 6.O-O d6 7.Nc3 c6 8.Re1 Ne4
9.Qc2 Nxc3 10.bxc3 e5 11.dxe5 dxe5 12.e4 fxe4 13.Ng5 Na6 14.h4 Bf5 15.Bxe4 Nc5
16.Bxf5 Rxf5 17.Be3 Qd3 18.Qxd3 Nxd3 19.Reb1 b6 20.a4 Bh6 21.a5 Bxg5 22.hxg5 Raf8
23.axb6 axb6 24.Rxb6 Nxf2 25.Bc5 R8f7 26.Ra8+ Kg7 27.Rbb8 Nh3+ 28.Kg2 Nxg5
29.Rg8+ Kf6 30.Rgc8 Rd7 31.Be3 h5 32.Rxc6+ Kf7 33.c5 Nf3 34.Rcc8 Ne1+ 35.Kh3 Rd3
36.Ra7+ Ke6 37.c4 Rf3 38.Re8+ Kf5 39.Rf7+ Ke4 40.Rxf3 Nxf3 41.Bf2 Rd2 42.Kg2 Ne1+
43.Kg1 Nf3+ 44.Kf1 Rc2 45.c6 Rxc4 46.Rc8 Nh2+ 47.Kg2 Ng4 48.Bb6 Rc2+ 49.Kf1 Nf6
50.Bd8 Nd5 51.Ke1 Kf3 52.Bh4 e4 53.Rf8+ Kg4 54.Rd8 Nb4 55.Kd1 Rxc6 56.Rd4 Nd3
57.Rxe4+ Kf3 58.Re8 Nf2+ 59.Kd2 Ne4+ 60.Kd3 Rd6+ 61.Kc4 g5 62.Rf8+ Ke3 63.Bxg5+ Nxg5
64.Rf5 Rd4+  0-1

[Event "Open"]
[Site "Pilsen CZE"]
[Date "2009.12.08"]
[Round "5"]
[White "Zakharchenko,A"]
[Black "Golcman,E"]
[Result "0-1"]
[WhiteElo "2206"]
[BlackElo "2290"]

1.d4 f5 2.g3 Nf6 3.Bg2 g6 4.Nf3 Bg7 5.O-O O-O 6.c4 d6 7.Nc3 Nc6 8.d5 Na5
9.Qd3 c5 10.Be3 a6 11.Nd2 Ng4 12.Bf4 Rb8 13.Rab1 Ne5 14.Bxe5 dxe5 15.Na4 b6
16.b4 cxb4 17.Rxb4 e4 18.Qe3 b5 19.Rfb1 e6 20.d6 Qxd6 21.cxb5 Rd8 22.Nf1 Nc6
23.R4b3 Nd4 24.R3b2 Rxb5 25.Nc3 Rxb2 26.Rxb2 Bd7 27.Qg5 Rc8 28.Nd1 Bb5 29.Qe3 h6
30.Rd2 Rc2 31.Nc3 Rxd2 32.Nxb5 Nxe2+ 33.Qxe2 Rxe2 34.Nxd6 Rxa2 35.Ne3 Bd4
36.Bf1 Kf8 37.Bc4 Rd2 38.Nb7 Rb2 39.Nd8 Bxe3 40.Nxe6+ Ke7 41.fxe3 Rb1+ 42.Kf2 Rb4  0-1

[Event "ch-VIE Men Masters"]
[Site "Ho Chi Minh City VIE"]
[Date "2009.12.11"]
[Round "2"]
[White "Phan Anh Son"]
[Black "Tu Hoang Thong"]
[Result "1-0"]
[WhiteElo "2116"]
[BlackElo "2509"]

1.d4 f5 2.g3 Nf6 3.Bg2 g6 4.Nf3 Bg7 5.O-O O-O 6.c4 d6 7.Nc3 Nc6 8.d5 Na5
9.Nd2 c5 10.a3 Ng4 11.Qc2 Ne5 12.b3 f4 13.Bb2 a6 14.Nce4 b6 15.Nf3 Nxf3+
16.Bxf3 Bxb2 17.Qxb2 b5 18.Qc3 Rb8 19.Rab1 Bf5 20.g4 Bxe4 21.Bxe4 b4 22.axb4 cxb4
23.Qd3 Rf7 24.c5 dxc5 25.Qxa6 Rf6 26.Qd3 Nb7 27.g5 Rb6 28.Qf3 Qd6 29.Qg4 Ra6
30.h4 Ra3 31.h5 Kg7 32.Qh4 Rh8 33.e3 Qe5 34.h6+ Kf7 35.Bd3 Rf8 36.Rfd1 Nd6
37.Bxg6+ hxg6 38.Rd4 cxd4 39.Qg4 Nf5 40.Qe2 Kg8 41.Qc4 Kh7 42.Qxb4 Ra7 43.Re1 Rf7
44.Qb6 Ra8  1-0

[Event "Open"]
[Site "Pilsen CZE"]
[Date "2009.12.12"]
[Round "9"]
[White "Zakharchenko,A"]
[Black "Nguyen,P"]
[Result "0-1"]
[WhiteElo "2206"]
[BlackElo "2353"]

1.d4 f5 2.g3 Nf6 3.Bg2 g6 4.Nf3 Bg7 5.O-O O-O 6.c4 d6 7.Nc3 Qe8 8.d5 a5 9.Nd4 Na6
10.b3 Bd7 11.Bb2 c6 12.Qd2 Nc5 13.Rad1 h6 14.e3 g5 15.f4 Nfe4 16.Nxe4 Nxe4
17.Bxe4 fxe4 18.f5 Qh5 19.Ne6 Bxe6 20.Bxg7 Kxg7 21.dxe6 Kg8 22.Qg2 Rxf5 23.g4 Rxf1+
24.Rxf1 Qg6  0-1

[Event "9th Amplico Life Rapid"]
[Site "Warsaw POL"]
[Date "2009.12.20"]
[Round "10"]
[White "Solys,L"]
[Black "Swiercz,D"]
[Result "1-0"]
[WhiteElo "2303"]
[BlackElo "2493"]

1.d4 f5 2.Nf3 Nf6 3.g3 g6 4.Bg2 Bg7 5.O-O O-O 6.c4 d6 7.b3 Qe8 8.Bb2 h6 9.Nbd2 g5
10.Qc2 Qh5 11.e4 fxe4 12.Nxe4 Nxe4 13.Qxe4 Nc6 14.Rae1 Bf5 15.Qe3 Rae8 16.Bc3 e6
17.Nd2 Bh3 18.Ne4 Bxg2 19.Kxg2 g4 20.Nd2 a6 21.f3 Qh3+ 22.Kg1 gxf3 23.Rxf3 e5
24.Rxf8+ Rxf8 25.d5 Ne7 26.Ne4 Qg4 27.Qe2 Qg6 28.Rf1 Rxf1+ 29.Kxf1 h5 30.Qf3 b5
31.Ba5 c6 32.Bc7 bxc4 33.bxc4 cxd5 34.cxd5 Nf5 35.Bb6 Qf7 36.Ng5 Qg6 37.Ne4 Kh8
38.a4 Bh6 39.Bf2 Kg7 40.Bb6 Qf7 41.Kg2 Kg6 42.Nf2 Qb7 43.a5 Qc8 44.Qe4 Kg7
45.Qd3 Ne7 46.Ne4 Nf5 47.Qe2 Kg6 48.Qd3 Kg7 49.Qe2 Qc1 50.Nxd6 Ne3+ 51.Bxe3 Bxe3
52.Qxe3 Qc2+ 53.Qf2 Qd3 54.Qf7+ Kh8 55.Qxh5+ Kg8 56.Qg5+ Kh7 57.Qf5+  1-0

[Event "Tata Steel TCh-Asia"]
[Site "Kolkata IND"]
[Date "2009.12.25"]
[Round "4"]
[White "Laxman,R"]
[Black "Chua Zheng Yuan,T"]
[Result "1-0"]
[WhiteElo "2511"]
[BlackElo "2256"]

1.Nf3 f5 2.g3 Nf6 3.Bg2 g6 4.d4 Bg7 5.O-O O-O 6.c4 d6 7.b3 c6 8.Bb2 Qe8 9.d5 Na6
10.Nc3 Bd7 11.Nd4 e5 12.dxe6 Bxe6 13.Nxe6 Qxe6 14.Qd2 Rad8 15.Rad1 Nc5 16.e3 Rfe8
17.Qc2 Nfe4 18.Nxe4 fxe4 19.Bxg7 Kxg7 20.Rd4 d5 21.Rfd1 Nd3 22.cxd5 cxd5
23.Qe2 a5 24.a3 Qe7 25.b4 axb4 26.axb4 Kg8 27.Qa2 Qf7 28.R1xd3 exd3 29.Bxd5 Rxd5
30.Qxd5 Qxd5 31.Rxd5 Re4 32.Rxd3 Rxb4 33.Rd7 b5 34.h4 h5 35.Kg2 Rb2 36.e4 b4
37.Kf3 b3 38.Rb7 Kf8 39.Ke3 Ke8 40.f3 Rg2 41.Kf4 b2 42.g4 hxg4 43.fxg4 Re2
44.e5 Rh2 45.Kg5 Rg2 46.e6 Kd8 47.e7+ Ke8 48.Kf6 Rf2+ 49.Kxg6 Rf4 50.Kg5 Rf1
51.Rxb2 Kxe7 52.Rb5  1-0

[Event "Baroque Chess Festival"]
[Site "Buchen GER"]
[Date "2009.12.28"]
[Round "3"]
[White "Hera,I"]
[Black "Eisenbeiser,A"]
[Result "1/2-1/2"]
[WhiteElo "2570"]
[BlackElo "2394"]

1.d4 f5 2.g3 Nf6 3.Bg2 g6 4.Nf3 Bg7 5.O-O O-O 6.c4 d6 7.Nc3 Qe8 8.d5 Na6
9.Nd4 Bd7 10.Rb1 c6 11.dxc6 bxc6 12.b4 Rb8 13.b5 cxb5 14.cxb5 Nc5 15.Nc6 Rb7
16.Be3 Nfe4 17.Nxe4 Nxe4 18.Bxe4 fxe4 19.Qd5+ Kh8 20.Nxa7 Qa8 21.Nc6 Rf5
22.Qc4 d5 23.Qc2 Rc7 24.Rfc1 h5 25.Qb3 Bxc6 26.bxc6 Rxc6 27.Rd1 Ra6 28.Rd2 Kh7
29.Bc5 Bf6 30.a3 Rc6 31.Bd4 Bg5 32.Rdd1 Ra6 33.Qc3 Bf6 34.Bxf6 Raxf6 35.Rf1 Qa7
36.e3 h4 37.Rb2 hxg3 38.hxg3 Qd7 39.Rb8 Kg7 40.Qc8 Qxc8 41.Rxc8 Ra6 42.Ra1 Ra5
43.Rc7 Kf7 44.Kg2 Rh5 45.g4 Rh8 46.a4 Kf6 47.Rb7 e6 48.Rb5 Rha8 49.Rb4 R8a6
50.Kg3 Kg5 51.Ra2 Rc5 52.Ra1 Rca5 53.Ra3 Rc5 54.f4+ exf3 55.e4 Rc4 56.Rxc4 dxc4
57.Kxf3 e5 58.a5 c3 59.Ke3 Kxg4 60.Kd3 Kf4 61.Ra4 g5 62.Kxc3 g4 63.Kd2 Kg3
64.Ke1 Kg2 65.Ra2+ Kf3 66.Ra4 Kg2 67.Ra2+ Kf3 68.Ra4 Kg2  1/2-1/2

[Event "85th Masters"]
[Site "Hastings ENG"]
[Date "2009.12.31"]
[Round "4"]
[White "Addison,B"]
[Black "Muheim,Sebastian FRA"]
[Result "0-1"]
[WhiteElo "2258"]
[BlackElo "2040"]

1.d4 f5 2.g3 Nf6 3.Bg2 g6 4.Nf3 Bg7 5.O-O O-O 6.c4 d6 7.Nc3 Qe8 8.Re1 Qf7
9.e4 Nxe4 10.Nxe4 fxe4 11.Rxe4 Nc6 12.Be3 h6 13.Qd2 Bf5 14.Rh4 g5 15.Bxg5 hxg5
16.Nxg5 Qf6 17.g4 Bd7 18.Re1 Nxd4 19.Re4 c6 20.Rh5 e5 21.f4 Bxg4 22.fxe5 dxe5
23.Rxg4 Qg6 24.Rxd4 exd4 25.Qd1 Rae8 26.h4 d3 27.Rh7 d2 28.Qxd2 Qb1+  0-1

[Event "Meister Open"]
[Site "Basel SUI"]
[Date "2010.01.04"]
[Round "6"]
[White "Delahaye,R"]
[Black "Schenker,R"]
[Result "1-0"]
[WhiteElo "2177"]
[BlackElo "2090"]

1.c4 f5 2.d4 Nf6 3.Nf3 g6 4.g3 Bg7 5.Bg2 O-O 6.O-O d6 7.Nc3 c6 8.Rb1 Ne4
9.Ne1 Nxc3 10.bxc3 Nd7 11.Ba3 Kh8 12.Qb3 Qe8 13.Nd3 g5 14.f4 h6 15.Rbe1 Nf6
16.Bc1 Qh5 17.Nf2 Rg8 18.Bf3 Qg6 19.e4 gxf4 20.exf5 Bxf5 21.Bxf4 e5 22.dxe5 dxe5
23.Bxe5 Nh5 24.Bxh5 Qxh5 25.Qxb7 Bxe5 26.Rxe5 Qf3 27.Nh1 Qxc3 28.Rexf5 Qe3+
29.Kg2 Qe4+ 30.R1f3 Rab8 31.Qf7 Rb2+ 32.Nf2 Rxf2+ 33.Kxf2 Qc2+ 34.Kg1  1-0

[Event "TCh-AUT 2009-10"]
[Site "Graz AUT"]
[Date "2010.01.14"]
[Round "4"]
[White "Lovrinovic,C"]
[Black "Siebrecht,S"]
[Result "1-0"]
[WhiteElo "2247"]
[BlackElo "2474"]

1.d4 g6 2.c4 Bg7 3.Nf3 f5 4.g3 Nf6 5.Bg2 O-O 6.O-O d6 7.Nc3 c6 8.Rb1 Qe8
9.d5 Na6 10.Nd4 Bd7 11.b3 Rc8 12.Bb2 Qf7 13.Ba1 Kh8 14.Qd2 Nc5 15.dxc6 bxc6
16.Rbe1 Kg8 17.f3 e5 18.Nc2 d5 19.b4 Ne6 20.Na4 d4 21.e3 c5 22.Nxc5 Nxc5
23.bxc5 dxe3 24.Nxe3 Rxc5 25.Qd6 Rfc8 26.Qa6 Be6 27.Rb1 f4 28.Rb7 Qe8 29.gxf4 Nd7
30.fxe5 Bxe5 31.Bxe5 Rxe5 32.Qxa7 Rec5 33.Nd5 Bxd5 34.Rxd7 Bf7 35.f4 Rxc4
36.Re7 Qf8 37.f5 gxf5 38.h3 Rc2 39.Qb7 R8c5 40.a4 Rd2 41.Re3 f4 42.Rxf4 Rg5
43.Rg4 Rd1+ 44.Kh2 Rxg4 45.hxg4 Qd6+ 46.Rg3 Rd3 47.Bf3 Qh6+ 48.Rh3 Qd2+ 49.Kg1 Qe1+
50.Kh2 Qf2+ 51.Kh1 Re3 52.Bg2 Re1+ 53.Kh2 Qg1+ 54.Kg3 Re3+ 55.Kf4 Re8 56.Qb2 Qd1
57.Be4 Qf1+ 58.Rf3 Qc4 59.Re3 Bg6 60.Qb7 Bf7 61.Kg3 Rf8 62.Qb5 Qd4 63.Qg5+ Kh8
64.Bd3 Bd5 65.Qe7 Rf7 66.Qd8+ Kg7 67.Qg5+ Kf8 68.Qh6+ Rg7 69.Qd6+ Kf7 70.Re7+  1-0

[Event "Porzellancup"]
[Site "Dresden GER"]
[Date "2010.01.16"]
[Round "3"]
[White "Berthold,A"]
[Black "Malaniuk,V"]
[Result "0-1"]
[WhiteElo "2219"]
[BlackElo "2573"]

1.d4 f5 2.Nf3 g6 3.g3 Nf6 4.Bg2 Bg7 5.O-O O-O 6.c4 d6 7.Nc3 Qe8 8.b3 e5 9.dxe5 dxe5
10.Ba3 Rf7 11.e4 Nc6 12.Re1 f4 13.Nd5 Bg4 14.Bb2 Nh5 15.Qd3 h6 16.Nh4 Qe6
17.f3 fxg3 18.hxg3 Bh3 19.Kh2 Bxg2 20.Nxg2 Raf8 21.Rf1 Nd4 22.Bxd4 exd4 23.Ngf4 Nxf4
24.Nxf4 Rxf4 25.gxf4 Rxf4 26.Kg2 Be5 27.Rh1 g5 28.Rh3 c5 29.Rah1 Bg7 30.Rg3 Qg6
31.b4 cxb4 32.c5 Kh7 33.Qb5 Qf7 34.Rxg5 Rxf3 35.Rf5 Rxf5 36.exf5 Qd5+ 37.Kg1 d3
38.Qe8 Qxc5+ 39.Kg2 Qd5+ 40.Kh2 Qxf5 41.Rc1  0-1

[Event "ch-UKR b18"]
[Site "Kyiv UKR"]
[Date "2010.02.01"]
[Round "9"]
[White "Megur,V"]
[Black "Danilenko,D"]
[Result "1/2-1/2"]
[WhiteElo "2101"]
[BlackElo "2290"]

1.g3 f5 2.Nf3 Nf6 3.Bg2 g6 4.O-O Bg7 5.d4 O-O 6.c4 d6 7.b4 a5 8.b5 Kh8 9.Bb2 Qe8
10.Nbd2 c6 11.a4 Be6 12.Rc1 Bg8 13.Qc2 Nbd7 14.bxc6 bxc6 15.c5 dxc5 16.dxc5 e5
17.e4 fxe4 18.Nxe4 Nxe4 19.Qxe4 Rb8 20.Ba1 Bd5 21.Qe2 Qe7 22.Nxe5 Nxe5 23.f4 Nf3+
24.Bxf3 Qxe2 25.Bxe2 Rfe8 26.Bf3 Bxf3 27.Rxf3 Re2 28.Rf2 Re4 29.Bxg7+ Kxg7
30.Ra2  1/2-1/2

[Event "FSIMA February"]
[Site "Budapest HUN"]
[Date "2010.02.07"]
[Round "2"]
[White "Eperjesi,L"]
[Black "Lyell,M"]
[Result "0-1"]
[WhiteElo "2240"]
[BlackElo "2224"]

1.Nf3 g6 2.d4 Bg7 3.c4 f5 4.g3 Nf6 5.Bg2 O-O 6.O-O d6 7.Nc3 Qe8 8.Nd5 Nxd5
9.cxd5 Nd7 10.Qc2 Nb6 11.Qxc7 h6 12.Bd2 Nxd5 13.Qa5 Nf6 14.Rac1 Bd7 15.Ne1 Bc6
16.Nd3 Bxg2 17.Kxg2 b6 18.Qa6 g5 19.f3 Qd7 20.Rc2 Nd5 21.Nb4 Nxb4 22.Bxb4 Qe6
23.Rd1 f4 24.d5 Qf5 25.Qd3 Qxd3 26.Rxd3 Rac8 27.Rxc8 Rxc8 28.gxf4 Bxb2 29.fxg5 hxg5
30.Kg3 Be5+ 31.Kg4 Rc4+  0-1

[Event "TCh-Eur Seniors"]
[Site "Dresden GER"]
[Date "2010.02.10"]
[Round "1"]
[White "Nordby,B"]
[Black "Jorgensen,J"]
[Result "1/2-1/2"]
[WhiteElo "2128"]
[BlackElo "2339"]

1.d4 f5 2.Nf3 Nf6 3.g3 g6 4.Bg2 Bg7 5.O-O O-O 6.c4 d6 7.d5 a5 8.Nc3 Na6 9.e4 fxe4
10.Ng5 Bg4 11.Qe1 Nb4 12.Rb1 Nd3 13.Qd2 Bh6 14.Ncxe4 Nxc1 15.Rbxc1 Nxe4 16.Bxe4 e5
17.h4 Qe7 18.Qe3 b6 19.b3 Rae8 20.a3 Bd7 21.b4 axb4 22.axb4 Ra8 23.Ra1 Rfb8
24.Rfc1 Bg4 25.f3 Bd7 26.Kg2 Rd8 27.Rf1 Qe8 28.Kh2 Bg7 29.g4 Bh6 30.Qd3 Bxg5
31.hxg5 Qf8 32.Qe3 Qf4+ 33.Qxf4 exf4 34.Kg2 Kg7 35.Kf2 h6 36.gxh6+ Kxh6 37.Ke2 Kg5
38.Kd3 Be8  1/2-1/2

[Event "TCh-Eur Seniors"]
[Site "Dresden GER"]
[Date "2010.02.11"]
[Round "2"]
[White "Laitinen,Ma"]
[Black "Jorgensen,J"]
[Result "0-1"]
[WhiteElo "1843"]
[BlackElo "2339"]

1.d4 f5 2.g3 Nf6 3.Bg2 g6 4.Nf3 Bg7 5.O-O O-O 6.c4 d6 7.Nc3 Qe8 8.e4 fxe4
9.Ng5 Nc6 10.Ngxe4 Nxe4 11.Nxe4 Nxd4 12.Be3 Nf5 13.Bc1 h6 14.Rb1 Rb8 15.b3 c5
16.Bb2 b5 17.Bxg7 Kxg7 18.Nc3 bxc4 19.bxc4 Rxb1 20.Qxb1 Qf7 21.Nd5 Nd4 22.Qe4 e6
23.Ne3 Ba6 24.f4 Rb8 25.Rf2 Rb4 26.h3 Bb7 27.Qd3 Bxg2 28.Nxg2 Qf5 29.Qxf5 gxf5
30.Ne3 Kf6 31.g4 Rb1+ 32.Kg2 Re1 33.Nc2 Rc1 34.Nxd4 cxd4 35.Rd2 Rxc4 36.Kg3 e5
37.fxe5+ dxe5 38.gxf5 Kxf5 39.Kh4 Kf4 40.Kh5 Rc6 41.Rd3 Rc3 42.Rd2 Rxh3+
43.Kg6 Re3  0-1

[Event "TCh-Eur Seniors"]
[Site "Dresden GER"]
[Date "2010.02.15"]
[Round "6"]
[White "Werchan,H"]
[Black "Goldberg,V"]
[Result "1-0"]
[WhiteElo "2149"]
[BlackElo "2141"]

1.Nf3 f5 2.g3 g6 3.Bg2 Bg7 4.d4 Nf6 5.c4 O-O 6.O-O d6 7.Nc3 Nc6 8.d5 Na5
9.Nd2 b6 10.Qc2 Rb8 11.b4 Nb7 12.Bb2 e5 13.dxe6 Bxe6 14.Nd5 Qd7 15.Rad1 a5
16.a3 Qf7 17.Nf4 Kh8 18.Nxe6 Qxe6 19.Nf3 c5 20.b5 Nd8 21.Ng5 Qe7 22.h4 h6
23.Nh3 Ne6 24.e3 Rbd8 25.Nf4 Nxf4 26.exf4 Rfe8 27.Bc6 Rf8 28.Rfe1 Qf7 29.Re3 Ng8
30.Bd5 Qc7 31.Rde1 Bxb2 32.Qxb2+ Qg7 33.Qc2 h5 34.Kg2 Qd4 35.Re6 Kh7 36.Rd1 Qg7
37.Qe2 Rf6 38.Re3 Rff8 39.Re1 Qd4 40.Re6 Kh6 41.Rd1 Qg7 42.Bf3 Rf6 43.Re3 Rff8
44.Bc6 Rf6 45.Bd5 Rd7 46.Bc6 Rd8 47.Qf3 Qf7 48.Bd5 Qc7 49.Rde1 Rff8 50.Bxg8 Rxg8
51.Qd5 Rg7 52.Re8 Kh7 53.R1e6 Rxe8 54.Rxe8 Rf7 55.f3 Kg7 56.Re6 Rd7 57.g4 hxg4
58.fxg4 Qb7 59.Qxb7 Rxb7 60.Rxd6 fxg4 61.Kg3 Re7 62.Rxb6 Re3+ 63.Kxg4 Rxa3
64.Ra6 a4 65.b6 Rb3 66.Rxa4 Rxb6 67.Ra7+ Kh6 68.Rc7 Rb1 69.Rxc5 Rg1+ 70.Kf3 Rh1
71.Re5 Rxh4 72.c5 Rh1 73.Ke4 Re1+ 74.Kd5 Rd1+ 75.Kc4 Rc1+ 76.Kd3 Rd1+ 77.Ke2 Rd4
78.Ke3 Rc4 79.Rd5 Rc1 80.Kd3 Rd1+ 81.Kc4 Rc1+ 82.Kd4 Rd1+ 83.Ke5 Re1+ 84.Kd6 Re4
85.c6 Rxf4 86.c7 Rf8 87.Ke7 Rg8 88.Rd8 Rg7+ 89.Kd6 Rxc7 90.Kxc7 Kg5 91.Kd6  1-0

[Event "TCh-Eur Seniors"]
[Site "Dresden GER"]
[Date "2010.02.16"]
[Round "7"]
[White "Kivipelto,KE"]
[Black "Eichner,C"]
[Result "1-0"]
[WhiteElo "2185"]
[BlackElo "2145"]

1.Nf3 g6 2.g3 Bg7 3.Bg2 f5 4.O-O Nf6 5.d4 O-O 6.c4 d6 7.Nc3 Nc6 8.Bg5 Ne4
9.d5 Nxc3 10.bxc3 Ne5 11.Nd4 h6 12.Bc1 Nxc4 13.f4 e5 14.dxe6 c6 15.e4 Qb6
16.exf5 gxf5 17.Re1 Re8 18.Kh1 Bxd4 19.Qh5 Rxe6 20.Rxe6 Bxe6 21.Qg6+ Kf8
22.Qxe6 Re8 23.Qxf5+ Kg7 24.Be4 Bxc3 25.Rb1 Nb2 26.Bxb2 Bxb2 27.Qg6+ Kf8
28.Qxd6+ Re7 29.Rd1 Qa5 30.Qxh6+ Bg7 31.Qg6 Re8 32.h4 Rd8 33.Qf5+ Qxf5 34.Rxd8+ Ke7
35.Bxf5 Kxd8 36.g4 Ke7 37.Kg2 Bc3 38.g5 b5 39.Bd3 a5 40.Kf3 a4 41.h5 b4 42.Bc2 b3
43.axb3 a3 44.Bb1 c5 45.h6 Kf7 46.g6+ Kf6 47.g7 Kf7 48.Ba2  1-0

[Event "26th ChessOrg Schachfestival"]
[Site "Bad Woerishofen GER"]
[Date "2010.03.11"]
[Round "6"]
[White "Marotzke,S"]
[Black "Babar,M"]
[Result "0-1"]
[WhiteElo "2043"]
[BlackElo "2187"]

1.d4 f5 2.Nf3 Nf6 3.g3 g6 4.Bg2 Bg7 5.O-O O-O 6.c4 d6 7.Nc3 c6 8.b3 a5 9.Bb2 Na6
10.e3 Rb8 11.Qe2 Bd7 12.Rac1 b5 13.Rfd1 Nc7 14.Ba1 Ne4 15.Qc2 Nxc3 16.Bxc3 b4
17.Ba1 Ne8 18.d5 Bxa1 19.Rxa1 c5 20.Ng5 Qc8 21.f4 Nf6 22.Re1 h6 23.Nh3 Qe8
24.Nf2 Qf7 25.e4 fxe4 26.Nxe4 a4 27.Nxf6+ Qxf6 28.Rf1 Ra8 29.Rae1 axb3 30.axb3 Ra3
31.Be4 Bh3 32.Rf3 Ra1 33.Re3 Rfa8 34.Qf2 R8a2 35.Re2 Rxe1+ 36.Qxe1 Qd4+ 37.Kh1 Rxe2  0-1

[Event "ch-WLS"]
[Site "Cardiff WLS"]
[Date "2010.04.03"]
[Round "2"]
[White "Sands,D"]
[Black "Fathallah,J"]
[Result "1-0"]
[WhiteElo "2252"]
[BlackElo "1951"]

1.d4 f5 2.g3 Nf6 3.Bg2 g6 4.Nf3 Bg7 5.O-O O-O 6.c4 d6 7.Nc3 c6 8.Rb1 Qc7
9.d5 Nbd7 10.Nd4 Ne5 11.b3 c5 12.Nc2 Bd7 13.f4 Neg4 14.h3 Nh6 15.Bb2 a6 16.a4 Rab8
17.Qd3 Rbe8 18.Kh2 Qc8 19.Ba1 Nf7 20.e4 fxe4 21.Nxe4 Nxe4 22.Qxe4 e5 23.dxe6 Rxe6
24.Qd3 Bxa1 25.Rxa1 Bc6 26.Rae1 Bxg2 27.Kxg2 Rxe1 28.Rxe1 Re8 29.Rxe8+ Qxe8
30.Ne3 Qe6 31.g4 Kg7 32.Qc3+ Qf6 33.Qxf6+ Kxf6 34.Kf3 Nd8 35.Ke4 Ne6 36.Nc2 Nc7
37.h4 b5 38.axb5 axb5 39.Ne3 bxc4 40.bxc4 Ke6 41.f5+ gxf5+ 42.gxf5+ Kf6 43.Nd5+ Nxd5
44.Kxd5 Kxf5 45.Kxd6 Kg4 46.Kxc5 Kxh4 47.Kb6 Kg3 48.c5 h5 49.c6 h4 50.c7 h3
51.c8=Q h2 52.Qc6 Kf2 53.Qh1  1-0

[Event "6th TCh-CHN"]
[Site "Ningbo CHN"]
[Date "2010.04.17"]
[Round "2"]
[White "Zhao Jun"]
[Black "Lu Shanglei"]
[Result "1-0"]
[WhiteElo "2575"]
[BlackElo "2340"]

1.d4 f5 2.g3 Nf6 3.Bg2 g6 4.Nf3 Bg7 5.O-O O-O 6.c4 d6 7.Nc3 c6 8.Qc2 Na6
9.b3 Qe8 10.Re1 e5 11.dxe5 dxe5 12.Ba3 Rf7 13.e4 f4 14.gxf4 Nh5 15.Nxe5 Rxf4
16.Nd3 Rg4 17.Bd6 Rxg2+ 18.Kxg2 Bh3+ 19.Kxh3 Qe6+ 20.Kg2 Qxd6 21.Rad1 Be5
22.Ne2 Rf8 23.c5 Qf6 24.Nxe5 Qg5+ 25.Kf1 Qxe5 26.Qc4+ Kh8 27.Qd4 Qxd4 28.Nxd4 Nf4
29.Ne2 Ne6 30.Kg2 Naxc5 31.f3 a5 32.h4 Kg7 33.Kg3 Rf7 34.Rd2 g5 35.hxg5 Nxg5
36.Nd4  1-0

[Event "7th Balagne Open"]
[Site "Calvi FRA"]
[Date "2010.04.25"]
[Round "1"]
[White "Szymanski,P2"]
[Black "Malaniuk,V"]
[Result "0-1"]
[WhiteElo "1882"]
[BlackElo "2582"]

1.d4 f5 2.g3 Nf6 3.Bg2 g6 4.Nf3 Bg7 5.O-O O-O 6.c4 d6 7.Nc3 Qe8 8.Qb3 Na6
9.Bd2 c5 10.d5 h6 11.Ne1 Nc7 12.e4 fxe4 13.Nxe4 b5 14.Nxf6+ Rxf6 15.Bc3 bxc4
16.Qd1 Rf7 17.Nc2 Qa4 18.Ne3 Qxd1 19.Raxd1 Bxc3 20.bxc3 Nb5 21.Rc1 Na3 22.Rfe1 Rb8
23.Re2 Kg7 24.Rce1 Bd7 25.f4 Rb7 26.Be4 Rb6 27.Nc2 Nb1 28.Re3 Nd2 29.Bg2 Rb2
30.Na1 Nb1 31.Bf1 Na3 32.Rxe7 Rxa2 33.R7e2 Rxe2 34.Rxe2 Nb1 35.Rb2 Nxc3 36.Bxc4 Bf5
37.Rb8 Re7 38.Kf1 Bh3+ 39.Kf2 Nd1+  0-1

[Event "XV MIC"]
[Site "Split CRO"]
[Date "2010.05.11"]
[Round "3"]
[White "Hera,I"]
[Black "Bozanic,I"]
[Result "1-0"]
[WhiteElo "2557"]
[BlackElo "2270"]

1.Nf3 f5 2.g3 Nf6 3.Bg2 g6 4.O-O Bg7 5.d4 O-O 6.c4 d6 7.Nc3 Nc6 8.d5 Na5
9.Qa4 c5 10.dxc6 Nxc6 11.Rd1 Qa5 12.Qb3 Qb4 13.Qxb4 Nxb4 14.Nd4 Ne4 15.Nxe4 Bxd4
16.Rxd4 Nc2 17.Rd2 Nxa1 18.Nc3 f4 19.b3 Bf5 20.Nd5 fxg3 21.hxg3 Kf7 22.Bb2 Nxb3
23.axb3 Rac8 24.Bd4 a6 25.Ne3 Be6 26.Bb6 Rb8 27.b4 Rfc8 28.Rd4 Bd7 29.c5 Bc6
30.cxd6 exd6 31.Nc4 Bxg2 32.Nxd6+ Ke6 33.Nxc8  1-0

[Event "KNSB Cup"]
[Site "Amersfoort NED"]
[Date "2010.05.13"]
[Round "1.2"]
[White "Spoelman,W"]
[Black "Wiersma,E"]
[Result "1-0"]
[WhiteElo "2580"]
[BlackElo "2405"]

1.d4 f5 2.Nf3 Nf6 3.g3 g6 4.Bg2 Bg7 5.O-O O-O 6.c4 d6 7.Nc3 Qe8 8.d5 Na6
9.Nd4 Bd7 10.a3 Nc5 11.Rb1 c6 12.b4 Nce4 13.Nxe4 Nxe4 14.Bb2 cxd5 15.cxd5 Rc8
16.Qd3 Qf7 17.f3 Nf6 18.e4 fxe4 19.fxe4 Qe8 20.Ne6 Bxe6 21.dxe6 Ng4 22.Bxg7 Kxg7
23.Rxf8 Qxf8 24.Rf1 Qe8 25.Qd4+ Ne5 26.Qxa7 Qb5 27.Qe3 Rc2 28.Qg5 Rc7 29.Qf4 Rc8
30.Qg5 Qe8 31.h4 h6 32.Qe3 Rc2 33.Qf4 Rc3 34.a4 Rb3 35.b5 Rb4 36.Rc1 Rxa4
37.Rc7 Ra1+ 38.Kh2 h5  1-0

[Event "Campomanes Mem WIM"]
[Site "Ankara TUR"]
[Date "2010.05.20"]
[Round "8"]
[White "Soylemez,C"]
[Black "Bensdorp,L"]
[Result "1/2-1/2"]
[WhiteElo "1935"]
[BlackElo "2119"]

1.d4 f5 2.c4 Nf6 3.Nf3 g6 4.g3 Bg7 5.Bg2 O-O 6.O-O d6 7.b4 e5 8.dxe5 Ng4
9.Bb2 Nxe5 10.Nxe5 dxe5 11.Qb3 Qe7 12.Nc3 c6 13.b5 Re8 14.Rac1 Be6 15.bxc6 Nxc6
16.Nd5 Qf7 17.e3 Rac8 18.Rfd1 Red8 19.Ba3 e4 20.Bf1 Rd7 21.Nf4 Na5 22.Rxd7 Qxd7
23.Qb4 Nc6 24.Qd6 Qxd6 25.Bxd6 Bf7 26.Nd5 Rd8 27.Ne7+ Nxe7 28.Bxe7 Rc8 29.a4 a6
30.Rb1 Bxc4 31.Rxb7 Bxf1  1/2-1/2

[Event "34th Open"]
[Site "Fourmies FRA"]
[Date "2010.05.23"]
[Round "5"]
[White "Rolland,B"]
[Black "Haub,TM"]
[Result "0-1"]
[WhiteElo "2125"]
[BlackElo "2517"]

1.g3 g6 2.Bg2 Bg7 3.Nf3 f5 4.d4 Nf6 5.O-O O-O 6.c4 c6 7.Nc3 d6 8.Qc2 Nh5
9.e4 f4 10.Ne2 e5 11.c5 exd4 12.Nxf4 Nxf4 13.Bxf4 dxc5 14.Qxc5 Na6 15.Qc4+ Kh8
16.e5 Nc7 17.Rad1 Be6 18.Qxd4 Bxa2 19.Qb4 Bd5 20.Qxb7 Ne6 21.Bc1 a5 22.Rxd5 cxd5
23.Rd1 Qc7 24.Qxd5 Rad8 25.Qb3 Nc5 26.Qc2 Rxd1+ 27.Qxd1 Nd3 28.Be3 Nxb2 29.Qa1 Nd3
30.Qb1 Nxe5 31.Nxe5 Qxe5 32.Bf1 a4 33.Qb4 Qa1 34.Bc5 Rc8 35.Kg2 Qc3  0-1